Dzień w historii – październik - Statystyki

Ogólne statystyki
  • Ten quiz został rozwiązany 1 949 razy
  • Średni wynik to 17 z 31
Statystyki odpowiedzi
Data Rok Wskazówka Odpowiedź % Poprawnych
2 paź 1940 Niemcy wydzielają w Warszawie zamknięty obszar, tworząc… Getto
90%
3 paź 1990 Kraj ten zostaje zjednoczony Niemcy
85%
16 paź 1978 Początek pontyfikatu tego papieża Jan Paweł II
83%
24 paź 1795 Rosja, Austria i Prusy podpisują akt dotyczący tego wydarzenia III rozbiór Polski
77%
12 paź 1810 Pierwszy raz w historii odbywająsię te dożynki piwa w Monachium Oktoberfest
75%
13 paź 54 Ten bohater Quo vadis? zostaje cesarzem rzymskim Neron
71%
7 paź 2001 Wojska NATO rozpoczęły interwencję w tym kraju Afganistan
69%
1 paź 1949 Ten człowiek proklamuje Chińską Republikę Ludową Mao Zedong
69%
9 paź 1980 Ten polski pisarz działający na emigracji zostaje laureatem Nagrody Nobla Czesław Miłosz
68%
19 paź 1812 Napoleon Bonaparte wycofuje się z tego miasta aż do Francji, gdzie przeżywa mniej, niż 10% jego wojsk Moskwa
63%
18 paź 1981 Tego dnia ten człowiek zostaje I sekretarzem KC PZPR Wojciech Jaruzelski
62%
30 paź 1922 Ten człowiek staje się premierem Włoch Benito Mussolini
61%
4 paź 1957 Sztuczny satelita, który jako pierwszy zostajewystrzelony na orbitę okołoziemską Sputnik 1
61%
5 paź 2011 Ten wybitny przedsiębiorca umiera na raka trzustki Steve Jobs
56%
31 paź 2011 Populacja całego świata osiąga tę liczbę (według ONZ) 7 miliardów
55%
10 paź 1794 Po bitwie z rosjanami zostaje wzięty do niewoli ten polski naczelny dowódca (NNSZN) Tadeusz Kościuszko
54%
17 paź 1992 Uchwalony przez polski Sejm zostaje ten akt prawny,który obowiązuje przez równe 5 lat Mała Konstytucja
53%
22 paź 2020 Ten polski organ orzeka, że aborcja przez ciężkie zagrożenie życia płodu jest niezgodna z Konstytucją, wywołując protesty Trybunał Konstytucyjny
53%
28 paź 1962 Sowieci godzą się na wycofanie wyrzutni rakietowych z tego kraju, kończąc kryzys Kuba
52%
8 paź 2010 Rozpoczęto budowę portu lotniczego w tej części Nowego Dworu Mazowieckiego Modlin
50%
25 paź 1922 Bolszewicy zajmują to jedno z najbardziejna wschód wysunięte miasto Rosji Władywostok
46%
29 paź 1923 Ten człowiek zostaje pierwszym prezydentem Republiki Turcji Mustafa Kemal Atatürk
44%
23 paź 4004 p.n.e. Na podstawie tej księgi, według Jamesa Usshera,stworzony zostaje świat Biblia
43%
26 paź 1939 Utworzone zostaje na terenie Polski, ze stolicą w Krakowie… Generalne Gubernatorstwo
43%
14 paź 1926 Brytyjczyk A.A. Milne publikuje tę powieść dla dzieci Kubuś Puchatek
42%
21 paź 1938 Podczas wojny, japończycy przejmują od Chin tę aglomerację, obecnie najbardziej zaludnioną na świecie Kanton
27%
11 paź 1899 Wybucha już druga taka wojna w Południowej Afryce Wojna burska
27%
27 paź 1682 Założone zostaje to pensylwańskie miasto Filadelfia
26%
20 paź 1944 Generał Douglas MacArthur powracado tego kraju po ucieczce sprzed dwóch lat Filipiny
24%
6 paź 2000 Otwarty zostaje ten most nad Wisłą w Warszawie Most Świętokrzyski
24%
15 paź 70 p.n.e. Rodzi się ten rzymski poeta, o imieniu podobnym do bohatera jednej z piosenek dla dzieci Wergiliusz
24%
Nie znaleziono quizów pasujących do podanych kryteriów
Rozkład punktacji
Procent ludzi z każdym wynikiem
Percentyl według liczby udzielonych odpowiedzi
Twoja historia wyników
Nie rozwiązałeś tego quizu